Mapless State Capitals Armageddon! Quiz Stats

 Plays Quiz Updated Jul 16, 2018

Support Sporcle.
Go Orange.
Score 0/50 Timer 01:00
0 Plays Today
% Correct
Albany
92.6%
Hartford
91.9%
Providence
91.8%
Trenton
90.6%
Boston
89.7%
Concord
89.7%
Montpelier
89.7%
Augusta
88.1%
Annapolis
86.2%
Harrisburg
84.8%
Dover
83.4%
Montgomery
82.5%
Atlanta
82.3%
Sacramento
80.2%
Carson City
80.2%
Frankfort
79.9%
Indianapolis
79.1%
Des Moines
76.7%
Charleston
76%
Nashville
75.5%
Tallahassee
74.8%
Springfield
73.9%
Madison
73.9%
Austin
69%
Richmond
67.7%
% Correct
Little Rock
67.7%
Jefferson City
67.2%
Lincoln
66%
Topeka
65.1%
Columbia
63.6%
Columbus
63.5%
Raleigh
62.9%
Lansing
61.7%
Boise
61.6%
Denver
61.4%
Salem
59.4%
Olympia
59.4%
Jackson
58%
Santa Fe
55.3%
Helena
53.6%
Baton Rouge
53.2%
Pierre
52.2%
Cheyenne
52.1%
St Paul
51.9%
Oklahoma City
51.8%
Honolulu
51.8%
Juneau
51.4%
Salt Lake City
47.7%
Bismarck
44.1%
Phoenix
42.3%

You're not logged in!

Compare scores with friends on all Sporcle quizzes.
OR
Log In

From the Vault

Civilization II Technologies

by TerryWilhelmer

This quiz is rated E for everyone.
Remove Ads.
Support Sporcle.
Get the best of Sporcle when you Go Orange. This ad-free experience offers more features, more stats, and more fun while also helping to support Sporcle. Thank you for becoming a member.

Show Comments

Extras

Top Quizzes Today


Score Distribution

Your Account Isn't Verified!

In order to create a playlist on Sporcle, you need to verify the email address you used during registration. Go to your Sporcle Settings to finish the process.

Report this User

Report this user for behavior that violates our Community Guidelines.

Details: